Pittsburgh Pirates: All-Star Selections - Statistics

General Stats
  • This quiz has been taken 490 times
    127 since last reset
  • The average score is 24 of 92
Answer Stats
Position Amount of Selections Player % Correct
RF 18 Roberto Clemente
96%
LF 7 Willie Stargell
86%
P 1 Paul Skenes
84%
CF 5 Andrew McCutchen
83%
RF 4 Dave Parker
68%
LF 2 Barry Bonds
66%
2B 9 Bill Mazeroski
66%
P 1 Gerrit Cole
61%
1B 1 Josh Bell
54%
OF 2 Bryan Reynolds
53%
SS 1 Jay Bell
51%
LF 2 Jason Bay
47%
LF 5 Ralph Kiner
47%
C 3 Jason Kendall
45%
3B 4 Bobby Bonilla
43%
CF 3 Andy Van Slyke
41%
CF 1 Lloyd Waner
41%
RF 3 Paul Waner
41%
P 2 David Bednar
39%
SS 9 Dick Groat
39%
SS 1 Jack Wilson
39%
LF 1 Starling Marté
39%
P 1 Bob Walk
38%
3B 2 Bill Madlock
37%
P 5 Bob Friend
37%
C 3 Manny Sanguillén
36%
P 1 Mitch Keller
34%
3B 1 Pedro Álvarez
34%
C 4 Tony Peña
34%
P 1 A.J. Burnett
33%
P 1 Dock Ellis
33%
P 1 Kent Tekulve
32%
P 1 John Candelaria
30%
OF 3 Al Oliver
29%
OF 2 Brian Giles
29%
3B 2 Pie Traynor
29%
2B 2 Josh Harrison
28%
P 2 Mike Williams
28%
P 3 Vern Law
26%
SS 8 Arky Vaughan
25%
2B 3 Freddy Sánchez
25%
P 1 Steve Blass
25%
2B 1 Adam Frazier
22%
1B 1 Jason Thompson
22%
P 3 Mark Melancon
22%
OF 3 Frank Thomas
21%
P 2 Bob Veale
20%
P 1 Jason Grilli
20%
P 9 Roy Face
20%
C 10 Smoky Burgess
20%
P 2 Joel Hanrahan
17%
OF 2 Matty Alou
17%
2B 1 Carlos García
14%
1B 3 Dick Stuart
14%
P 1 Rick Reuschel
13%
P 1 Zach Duke
13%
P 2 Felipe Vázquez
12%
OF 1 Nate McLouth
12%
2B 2 Phil Garner
12%
P 1 Tony Watson
12%
SS 2 Gene Alley
11%
P 1 Jeff Locke
11%
P 1 Jim Bibby
11%
P 1 John Smiley
11%
P 1 Mace Brown
11%
LF 1 Mike Easler
11%
P 1 Rick Rhoden
11%
P 1 Dave Giusti
9%
P 1 Denny Neagle
9%
P 1 Jerry Reuss
9%
P 4 Rip Sewell
9%
LF 4 Bob Skinner
8%
P 1 Rich Gossage
8%
2B 1 Tony Womack
8%
3B 1 Ed Sprague
7%
P 1 Evan Meek
7%
1B 1 Gus Suhr
7%
1B 1 Dale Long
5%
P 1 Ken Brett
5%
P 1 Kevin Correia
5%
CF 2 Vince DiMaggio
5%
3B 4 Bob Elliott
4%
2B 3 Frankie Gustine
4%
C 1 Hank Foiles
4%
P 1 Murry Dickson
4%
C 1 Al López
3%
1B 1 Elbie Fletcher
3%
P 1 Cy Blanton
1%
P 1 Elmer Riddie
1%
SS 1 Frankie Zak
1%
P 1 Neal Heaton
1%
P 1 Preacher Roe
1%
No matching quizzes found
Score Distribution
Percent of People with Each Score
Percentile by Number Answered
Your Score History
You have not taken this quiz since the last reset